Lukáš Adamec je frajer! Šou vyhral s prehľadom Košičan valcoval famóznym spevom

Bibliographic Details
Format: Article
Language:Slovak
PhysicalDescription:Fotogr.
ISSN:1338-659X
Subjects:
Online Access:http://korzar.sme.sk/c/8181390/lukas-adamec-je-frajer-sou-vyhral-s-prehladom.html

MARC

LEADER 00000nab a2200000 a 4500
001 vtls011552077
003 SK-MaSNL
005 20260304201207.0
008 160512c20160503xo drz 0 0slo
038 |a KEVKJB 
040 |a KEVKJB  |b slo  |c KEVKJB  |e AACR2 
041 0 |a slo 
044 |a xo  |c SK 
080 |a 78.071.2  |2 2011 
245 0 0 |a Lukáš Adamec je frajer! Šou vyhral s prehľadom  |b Košičan valcoval famóznym spevom  |c [autor] nov 
300 |b Fotogr. 
600 1 7 |a Adamec, Lukáš,  |d 1987-  |2 kevkjb  |9 156290 
650 0 7 |a populárna hudba  |2 kevkjb  |9 3428 
650 0 7 |a televízne súťaže  |2 kevkjb  |9 2911 
651 7 |a Košice (Slovensko)  |2 kevkjb  |9 18694 
773 0 |t Korzár : denník Košického kraja  |g Roč. XIX., č. 102 (3.5.2016), s. 9  |x 1338-659X 
852 |a KEVKJB  |b KIS3GCP 
856 4 1 |u http://korzar.sme.sk/c/8181390/lukas-adamec-je-frajer-sou-vyhral-s-prehladom.html 
958 |a BX 
999 |c 3093728  |d 3095658